| 000 | 00435nam a2200181Ia 4500 | ||
|---|---|---|---|
| 001 | 21043 | ||
| 005 | 20260306172850.0 | ||
| 008 | 260306t1987||||xx |||||||||||||| ||spa|| | ||
| 041 | _aESP | ||
| 082 |
_a344G _bH96 |
||
| 100 |
_aHurtado Pozo, José _eAUT |
||
| 245 | 0 |
_aManual de derecho penal: _bparte general |
|
| 260 | _c1987 | ||
| 300 |
_a640 páginas : _c20 cm. |
||
| 650 | _aGEN | ||
| 654 | _aCDE | ||
| 942 |
_cLIB _dJUS _fJUS _2ddc _n |
||
| 999 |
_c21043 _d21043 |
||